Dr. S. R. Lasker Library Online Catalogue

Home      Library Home      Institutional Repository      E-Resources      MyAthens      EWU Home

Best practices strategic alliances / (Record no. 1684)

MARC details
000 -LEADER
fixed length control field 00977cam a2200313Ia 4500
001 - CONTROL NUMBER
control field 1684
003 - CONTROL NUMBER IDENTIFIER
control field BD-DhEWU
005 - DATE AND TIME OF LATEST TRANSACTION
control field 20140529203024.0
008 - FIXED-LENGTH DATA ELEMENTS--GENERAL INFORMATION
fixed length control field 110604s2000 ii g 000 0 eng d
020 ## - INTERNATIONAL STANDARD BOOK NUMBER
International Standard Book Number 8173711038
International Standard Book Number 0850587700
International Standard Book Number 9780850587708
035 ## - SYSTEM CONTROL NUMBER
System control number (OCoLC)30402373
040 ## - CATALOGING SOURCE
Original cataloging agency BD-DhEWU
Modifying agency BD-DhEWU
Language of cataloging eng
Transcribing agency BD-DhEWU
041 ## - LANGUAGE CODE
Language code of text/sound track or separate title eng
082 04 - DEWEY DECIMAL CLASSIFICATION NUMBER
Classification number 658.0440722
Item number BES 2000
110 ## - MAIN ENTRY--CORPORATE NAME
Corporate name or jurisdiction name as entry element The Economist Intelligence Unit,,
9 (RLIN) 10582
245 10 - TITLE STATEMENT
Title Best practices strategic alliances /
260 ## - PUBLICATION, DISTRIBUTION, ETC. (IMPRINT)
Place of publication, distribution, etc Hyderabad :
Name of publisher, distributor, etc Universities Press,
Date of publication, distribution, etc 2000
300 ## - PHYSICAL DESCRIPTION
Extent v,152 p. ;
Dimensions 24 cm
526 ## - STUDY PROGRAM INFORMATION NOTE
Program name BA
590 ## - LOCAL NOTE (RLIN)
Local note Sagar Shahanawaz
653 #1 - INDEX TERM--UNCONTROLLED
Uncontrolled term Industrial relations Multinational corporations Personnel management
Uncontrolled term Management
655 ## - INDEX TERM--GENRE/FORM
Genre/form data or focus term Case studies
9 (RLIN) 10583
856 ## - ELECTRONIC LOCATION AND ACCESS
Materials specified WorldCat details
Uniform Resource Identifier http://www.worldcat.org/title/best-practices-strategic-alliances/oclc/30402373&referer=brief_results
942 ## - ADDED ENTRY ELEMENTS (KOHA)
Koha item type Text
Source of classification or shelving scheme Dewey Decimal Classification
953 ## - Fulltext in GSDL
Is Fulltext Available in GSDL? Not Avaialable
Holdings
Withdrawn status Lost status Source of classification or shelving scheme Damaged status Not for loan Collection code Home library Current library Shelving location Date acquired Source of acquisition Cost, normal purchase price Total Checkouts Full call number Barcode Copy number Koha item type
    Dewey Decimal Classification   Not For Loan Non-fiction Dr. S. R. Lasker Library, EWU Dr. S. R. Lasker Library, EWU Reserve Section 26/09/2000 Karim International 243.00   658.0440722 BES 2000 8121 C-1 Text
    Dewey Decimal Classification     Non-fiction Dr. S. R. Lasker Library, EWU Dr. S. R. Lasker Library, EWU Circulation Section 26/09/2000 Karim International 243.00   658.0440722 BES 2000 8123 C-3 Text
    Dewey Decimal Classification     Non-fiction Dr. S. R. Lasker Library, EWU Dr. S. R. Lasker Library, EWU Circulation Section 26/09/2000 Karim International 243.00   658.0440722 BES 2000 8124 C-4 Text
    Dewey Decimal Classification   Not For Loan Non-fiction Dr. S. R. Lasker Library, EWU Dr. S. R. Lasker Library, EWU Circulation Section 26/09/2000 Karim International 243.00   658.0440722 BES 2000 8122 C-2 Text
    Dewey Decimal Classification     Non-fiction Dr. S. R. Lasker Library, EWU Dr. S. R. Lasker Library, EWU Circulation Section 26/09/2000 Karim International 243.00   658.0440722 BES 2000 8125 C-5 Text